000 00417nam a2200157Ia 4500
008 210716s2007 xx 000 0 und d
020 _a9788120329164
041 _aeng
082 _a005.276 RIOR
100 _aRiordan, Rebecca M.
245 _aMicrosoft ado .net 2.0 step by step.
250 _a1
260 _aNew Delhi
_bPrentice Hall of India PVt Ltd
_c2007
300 _axx,506
650 _aComputer Networks
999 _c188873
_d188873